000 00563nam a2200229Ia 4500
003 OSt
005 20220918201828.0
006 a|||||r|||| 00| 0
007 ta
008 220917b |||||||| |||| 00| 0 eng d
024 _a96,779
037 _cTextual
040 _aARTS
_cARTS
_beng
041 _2eng
_aeng
082 _aV2:1:L8, G2.4
100 _aSarkar Jadunath
_973861
245 0 _aFall of the Mughal Empire
260 _c1932
650 _aHISTORY
942 _hV2:1:L8, G2.4
_cTEXL
_2CC
999 _c220380
_d220380